000 00478nam a22001937a 4500
003 MPLRDC
005 20220104123702.0
008 210129b ||||| |||| 00| 0 eng d
020 _a957-754-054-6
082 _a416.785 ZSJZ
100 _a仲上纪政著
245 _a如何迅速治好小孩近视
_c
250 _a初版
260 _a
_b国际村文库书店有限公
_c1993
300 _b
490 _a家健保健;19
650 _a
942 _cBK
_o416.785 ZSJZ
999 _c13376
_d13366